Directorio de consejeros y directores (Record no. 183308)

MARC details
000 -LEADER
campo de control de longitud fija 00898nas a2200253 i 4500
001 - NÚMERO DE CONTROL
campo de control 183308
003 - IDENTIFICADOR DE NÚMERO DE CONTROL
campo de control ES-MaACL
005 - FECHA Y HORA DE LA ÚLTIMA TRANSACCIÓN
campo de control 20250217134913.0
008 - DATOS DE LONGITUD FIJA--INFORMACIÓN GENERAL
campo de control de longitud fija 140227d19611985sp a| | ||pa d
022 ## - NÚMERO INTERNACIONAL NORMALIZADO PARA PUBLICACIONES SERIADAS
Número Internacional Normalizado para Publicaciones Seriadas 0417-5360
080 ## - NÚMERO DE LA CLASIFICACIÓN DECIMAL UNIVERSAL
Número de la Clasificación Decimal Universal 658(460)(058.7)
245 00 - MENCIÓN DEL TÍTULO
Título Directorio de consejeros y directores
Resto del título = Directoire des membres de comite de direction et des directeurs = Directory of advisers and directors = Adressbuch der Vorstandsmitglieder und Direktoren /
Mención de responsabilidad, etc. [director José Luis Rosello García].
246 2# - FORMA VARIANTE DEL TITULO
Título propio/Titulo breve Dicodi
260 ## - PUBLICACIÓN, DISTRIBUCIÓN, ETC.
Lugar de publicación, distribución, etc. Madrid :
Nombre del editor, distribuidor, etc. DICODI,
Fecha de publicación, distribución, etc. 1961-1985.
300 ## - DESCRIPCIÓN FÍSICA
Extensión 9 v. ;
Dimensiones 23 cm.
310 ## - PERIODICIDAD ACTUAL
Periodicidad actual Anual
362 0# - FECHAS DE PUBLICACIÓN Y/O DESIGNACIÓN SECUENCIAL
Fecha de publicación y/o designación secuencial 1961/1962-1984.
650 #4 - PUNTO DE ACCESO ADICIONAL DE MATERIA--TÉRMINO DE MATERIA
Término de materia o nombre geográfico como elemento de entrada Empresas-
Subdivisión geográfica España-
Subdivisión de forma Directorios.
9 (RLIN) 154437
700 1# - ENTRADA AGREGADA--NOMBRE PERSONAL
Nombre de persona Roselló García, José Luis.
9 (RLIN) 154438
852 ## - LOCALIZACIÓN
Ubicación ES-MaACL
Número de control de estantería HEM-D-211
Signatura antigua Olim: C-32557
866 #0 - MENCIÓN TEXTUAL DE FONDOS--UNIDAD BIBLIOGRÁFICA BÁSICA
Fondos 1967-1974, 1982.
942 ## - ELEMENTOS DE ENTRADA SECUNDARIOS (KOHA)
Fuente del sistema de clasificación o colocación Clasificación decimal universal
Holdings
Estatus retirado Estado de pérdida Estado de daño No para préstamo Colección Biblioteca de origen Biblioteca actual Ubicación en estantería Fecha de adquisición Fuente de adquisición Total de préstamos Signatura topográfica completa Código de barras Visto por última vez Precio de reemplazo Tipo de ítem Koha
        Periódicos y Revistas Biblioteca del Ateneo de Madrid Biblioteca del Ateneo de Madrid Depósito 2 27/02/2014     HEM-D-211 1192660 23/02/2023 23/02/2023 Revista